Statistics for INHABITED non-sovereign islands and island groups.

Click here to take the quiz!

General Stats

  • This quiz has been taken 62 times
  • The average score is 16 of 30

Answer Stats

% Correct
Guam
87%
Aruba
73%
British Virgin Islands
73%
French Polynesia
73%
Puerto Rico
69%
Bermuda
67%
Cook Islands
67%
American Samoa
65%
Curacao
65%
US Virgin Islands
65%
Niue
63%
Cayman Islands
60%
Anguilla
58%
Falkland Islands
58%
New Caledonia
58%
Northern Mariana Islands
54%
Montserrat
52%
Sint Maarten
48%
Tokelau
48%
Wallis and Futuna
48%
Guernsey
46%
Jersey
46%
Pitcairn Islands
46%
Turks and Caicos Islands
46%
Isle of Man
44%
Saint Martin
44%
Saint Barthelemy
31%
Saint Pierre and Miquelon
27%
Saint Helena, Ascension and Tristan da Cunha
12%
Wake Island
12%

Score Distribution

Percentile by Number Answered

Percent of People with Each Score

Your Score History

You have not taken this quiz